Countries with Two Starting Unique Letters - Statistics

General Stats
  • This quiz has been taken 1,357 times
    1,320 since last reset
  • The average score is 30 of 56
Answer Stats
Country % Correct
Yemen
81%
Oman
79%
Qatar
79%
Venezuela
70%
Uruguay
68%
Zimbabwe
68%
Zambia
67%
Kyrgyzstan
66%
France
65%
Iceland
65%
Afghanistan
64%
Uzbekistan
63%
Ecuador
61%
Peru
60%
Spain
60%
Azerbaijan
59%
Egypt
59%
Haiti
59%
Vietnam
59%
Honduras
58%
Jordan
58%
Hungary
56%
Italy
56%
Djibouti
55%
Israel
55%
Kiribati
55%
Kuwait
55%
Russia
55%
Bhutan
54%
Kosovo
54%
Luxembourg
54%
Kazakhstan
53%
Mexico
53%
Cuba
52%
Ukraine
52%
Cyprus
51%
Czech Republic
51%
Rwanda
50%
El Salvador
47%
Kenya
47%
Syria
46%
Eritrea
45%
Uganda
45%
Trinidad and Tobago
44%
Ethiopia
43%
Philippines
43%
Ghana
41%
Sri Lanka
41%
Thailand
41%
Croatia
40%
East Timor
40%
Myanmar
40%
Equatorial Guinea
38%
Romania
38%
Ivory Coast
32%
Central African Republic
24%
No matching quizzes found
Score Distribution
Percent of People with Each Score
Percentile by Number Answered
Your Score History
You have not taken this quiz since the last reset